Elements Without Their Vowels - Statistics

General Stats
  • This quiz has been taken 430 times
    398 since last reset
  • The average score is 42 of 118
Answer Stats
Element % Correct
Hydrogen
91%
Oxygen
91%
Helium
88%
Boron
84%
Carbon
84%
Iron
79%
Lithium
78%
Nitrogen
77%
Neon
75%
Gold
72%
Fluorine
69%
Tin
68%
Potassium
67%
SIlver
67%
Magnesium
64%
Sulfur
63%
Argon
62%
Sodium
61%
Beryllium
59%
Chlorine
58%
Phosphorus
58%
Copper
57%
Zinc
53%
Aluminum
52%
Barium
52%
Calcium
52%
Lead
50%
Xenon
50%
Platinum
49%
Plutonium
49%
Manganese
48%
Silicon
48%
Uranium
48%
Krypton
47%
Vanadium
47%
Yttrium
47%
Iodine
46%
Iridium
44%
Radium
44%
Germanium
43%
Tungsten
42%
Cobalt
40%
Radon
40%
Titanium
40%
Arsenic
39%
Einsteinium
39%
Chromium
38%
Gallium
38%
Nickel
37%
Mercury
35%
Caesium
34%
Cerium
34%
Curium
34%
Scandium
34%
Selenium
34%
Bromine
33%
Francium
33%
Indium
32%
Antimony
29%
Zirconium
28%
Cadmium
27%
Strontium
27%
Molybdenum
26%
Palladium
26%
Rubidium
26%
Ytterbium
26%
Calfornium
25%
Oganesson
25%
Neptunium
24%
Polonium
24%
Rhodium
24%
Erbium
23%
Niobium
22%
Amercium
21%
Astatine
21%
Lanthanum
21%
Osmium
21%
Actinium
20%
Bismuth
20%
Europium
20%
Hafnium
20%
Rhenium
19%
Technetium
19%
Tellurium
19%
Gadolinium
18%
Berkelium
17%
Holmium
17%
Mendelevium
17%
Praseodymium
17%
Tennessine
17%
Terbium
17%
Thorium
17%
Dubnium
16%
Lawrencium
16%
Thulium
16%
Bohrium
15%
Dysprosium
15%
Hassium
15%
Moscovium
15%
Nobelium
15%
Tantalum
15%
Fermium
14%
Livermorium
14%
Lutetium
14%
Neodymium
14%
Nihonium
14%
Rutherfordium
14%
Samarium
14%
Copernicium
13%
Darmstadtium
13%
Seaborgium
13%
Promethium
12%
Thallium
12%
Flerovium
11%
Meitnerium
10%
Protactinium
10%
Roentgenium
9%
Ruthenium
4%
No matching quizzes found
Score Distribution
Percent of People with Each Score
Percentile by Number Answered
Your Score History
You have not taken this quiz since the last reset